|
|
|
|
| LEADER |
03008nam a22005175i 4500 |
| 001 |
978-3-319-20774-2 |
| 003 |
DE-He213 |
| 005 |
20151204153347.0 |
| 007 |
cr nn 008mamaa |
| 008 |
150912s2016 gw | s |||| 0|eng d |
| 020 |
|
|
|a 9783319207742
|9 978-3-319-20774-2
|
| 024 |
7 |
|
|a 10.1007/978-3-319-20774-2
|2 doi
|
| 040 |
|
|
|d GrThAP
|
| 050 |
|
4 |
|a HD69.P75
|
| 072 |
|
7 |
|a KJMP
|2 bicssc
|
| 072 |
|
7 |
|a BUS041000
|2 bisacsh
|
| 082 |
0 |
4 |
|a 658.404
|2 23
|
| 100 |
1 |
|
|a Haidar, Ali D.
|e author.
|
| 245 |
1 |
0 |
|a Construction Program Management – Decision Making and Optimization Techniques
|h [electronic resource] /
|c by Ali D. Haidar.
|
| 250 |
|
|
|a 1st ed. 2016.
|
| 264 |
|
1 |
|a Cham :
|b Springer International Publishing :
|b Imprint: Springer,
|c 2016.
|
| 300 |
|
|
|a X, 183 p. 40 illus., 36 illus. in color.
|b online resource.
|
| 336 |
|
|
|a text
|b txt
|2 rdacontent
|
| 337 |
|
|
|a computer
|b c
|2 rdamedia
|
| 338 |
|
|
|a online resource
|b cr
|2 rdacarrier
|
| 347 |
|
|
|a text file
|b PDF
|2 rda
|
| 505 |
0 |
|
|a Program Management Perspective.- Decision-making Principles -- Planning and Scheduling – A Practical and Legal Approach -- Mathematical Methods – Statistics and Forecasting.- Operations Research and Optimization Techniques.- Techniques for Intelligent Decision Support Systems.
|
| 520 |
|
|
|a Exploring complex and intelligent analytical and mathematical methods, this book examines how different approaches can be used to optimize program management in the construction industry. It presents an in-depth study of the different program management methods, ranging from simple decision-making techniques and statistics analysis to the more complex linear programming and demonstrates how knowledge-base systems and genetic algorithms can be used to optimize resources and meet time, budget and quality criteria. It addresses topics including decision-making principles, planning and scheduling, mathematical forecasting models, optimization techniques programming and artificial intelligence techniques. Providing a valuable resource for anyone managing multiple projects in the construction industry, this book is intended for civil and construction engineering students, project managers, construction managers and senior engineers.
|
| 650 |
|
0 |
|a Business.
|
| 650 |
|
0 |
|a Project management.
|
| 650 |
|
0 |
|a Computer simulation.
|
| 650 |
|
0 |
|a Mathematical models.
|
| 650 |
|
0 |
|a Building
|x Superintendence.
|
| 650 |
|
0 |
|a Construction industry
|x Management.
|
| 650 |
|
0 |
|a Construction superintendence.
|
| 650 |
1 |
4 |
|a Business and Management.
|
| 650 |
2 |
4 |
|a Project Management.
|
| 650 |
2 |
4 |
|a Construction Management.
|
| 650 |
2 |
4 |
|a Mathematical Modeling and Industrial Mathematics.
|
| 650 |
2 |
4 |
|a Simulation and Modeling.
|
| 710 |
2 |
|
|a SpringerLink (Online service)
|
| 773 |
0 |
|
|t Springer eBooks
|
| 776 |
0 |
8 |
|i Printed edition:
|z 9783319207735
|
| 856 |
4 |
0 |
|u http://dx.doi.org/10.1007/978-3-319-20774-2
|z Full Text via HEAL-Link
|
| 912 |
|
|
|a ZDB-2-BUM
|
| 950 |
|
|
|a Business and Management (Springer-41169)
|